000 00538nam a2200217 i 4500
001 bg
100 1 _aŻERO, Andrzej.
245 1 0 _aAutoCAD dla Windows 95.
_nT.1 /
_cAndrzej Żero.
260 _aWarszawa :
_b"Exit",
_c[1998].
300 _a389 s. :
_brys., wykr. ;
_c20 cm.
504 _aIndeks.
650 9 _aAutoCAD
655 _aPodręczniki
020 _a8385451846
040 _cBPK
041 0 _apl
080 _a004.42:004.92](07)
920 _a83-85451-84-6
942 _cKS
008 s pl f |000 0 pol
999 _c37488
_d37488
856 _uhttp://koha.tu.koszalin.pl/cgi-bin/koha/opac-detail.pl?biblionumber=37488
_yKatalog online BPK